000 00496nam a2200169Ia 4500
008 110201s9999 xx 000 0 und d
082 _bB7907
_aS 1291
100 _aनवलकर प्रमोद
245 _aपहारा
260 _bसामंत पब्लिकेशन्स
365 _b100
600 _aनवलकर प्रमोद
630 _aपहारा
700 _aनवलकर प्रमोद
730 _aपहारा
942 _cBOOK
999 _c833409
_d833406